[Event "BL2-Nord 1819"]
[Site "Germany"]
[Date "2019.03.23"]
[Round "9.7"]
[White "Kalabic, Faris"]
[Black "Mueller, Fabian"]
[Result "1/2-1/2"]
[WhiteElo "2205"]
[BlackElo "2343"]
[PlyCount "31"]
[EventDate "2018.11.10"]
[EventType "team-tourn"]
[EventRounds "10"]
[EventCountry "GER"]
[SourceTitle "CBM 190 Extra"]
[Source "ChessBase"]
[SourceDate "2019.07.15"]
[SourceVersion "1"]
[SourceVersionDate "2019.07.15"]
[SourceQuality "1"]
[WhiteTeam "Berlin Zehlendorf"]
[BlackTeam "St Pauli"]
[WhiteTeamCountry "GER"]
[BlackTeamCountry "GER"]

1. d4 Nf6 2. Nf3 b6 3. Bf4 Ba6 4. g3 e6 5. Bg2 Be7 6. Ne5 d5 7. c4 c6 8. 0-0 0-0 9. Qc2 Nfd7 10. cxd5 cxd5 11. Rc1 Nxe5 12. Bxe5 Qd7 13. e4 Bb7 14. Nc3 dxe4 15. Bxe4 Bxe4 16. Qxe4 1/2-1/2

[Event "BL2-Nord 1718"]
[Site "Germany"]
[Date "2018.04.15"]
[Round "9.6"]
[White "Kalabic, Faris"]
[Black "Schuette, Marc"]
[Result "1/2-1/2"]
[WhiteElo "2205"]
[BlackElo "2141"]
[PlyCount "45"]
[EventDate "2017.10.08"]
[EventType "team-tourn"]
[EventRounds "9"]
[EventCountry "GER"]
[SourceTitle "EXT 2019"]
[Source "ChessBase"]
[SourceDate "2018.10.10"]
[SourceVersion "1"]
[SourceVersionDate "2018.10.10"]
[SourceQuality "1"]
[WhiteTeam "Zehlendorf"]
[BlackTeam "Oldenburg Union"]
[WhiteTeamCountry "GER"]
[BlackTeamCountry "GER"]

1. d4 d5 2. Bf4 Nf6 3. Nf3 c5 4. e3 Nc6 5. c3 Qb6 6. Na3 a6 7. Qb3 Qa7 8. Ne5 c4 9. Qc2 e6 10. Nb1 Nxe5 11. Bxe5 Bd7 12. Nd2 b5 13. Be2 Be7 14. g4 0-0 15. h4 Bc6 16. g5 Ne4 17. f3 Nxd2 18. Qxd2 f6 19. gxf6 gxf6 20. Bf4 Rf7 21. 0-0-0 Kh8 22. h5 Qb7 23. Rdg1 1/2-1/2

[Event "BL2-Nord 1718"]
[Site "Germany"]
[Date "2018.03.18"]
[Round "8.6"]
[White "Ellers, Holger"]
[Black "Kalabic, Faris"]
[Result "1/2-1/2"]
[WhiteElo "2364"]
[BlackElo "2205"]
[PlyCount "30"]
[EventDate "2017.10.08"]
[EventType "team-tourn"]
[EventRounds "9"]
[EventCountry "GER"]
[SourceTitle "CBM 183 Extra"]
[Source "ChessBase"]
[SourceDate "2018.04.19"]
[SourceVersion "1"]
[SourceVersionDate "2018.04.19"]
[SourceQuality "1"]
[WhiteTeam "Kreuzberg"]
[BlackTeam "Zehlendorf"]
[WhiteTeamCountry "GER"]
[BlackTeamCountry "GER"]

1. d4 Nf6 2. c4 e6 3. g3 Bb4+ 4. Bd2 a5 5. Bg2 d5 6. Nf3 0-0 7. Qc2 c6 8. 0-0 b6 9. Rd1 Bd6 10. Nc3 Ba6 11. cxd5 cxd5 12. e4 Be7 13. Ng5 Nc6 14. exd5 Nb4 15. Qb1 Nbxd5 1/2-1/2

[Event "BL2-Nord 1617"]
[Site "Germany"]
[Date "2017.05.07"]
[Round "9.5"]
[White "Nogly, Christoph"]
[Black "Kalabic, Faris"]
[Result "1-0"]
[WhiteElo "2249"]
[BlackElo "2214"]
[PlyCount "43"]
[EventDate "2016.10.16"]
[EventType "team-tourn"]
[EventRounds "9"]
[EventCountry "GER"]
[SourceTitle "EXT 2018"]
[Source "ChessBase"]
[SourceDate "2017.10.13"]
[SourceVersion "1"]
[SourceVersionDate "2017.10.13"]
[SourceQuality "1"]
[WhiteTeam "Berlin SF II"]
[BlackTeam "Zehlendorf"]
[WhiteTeamCountry "GER"]
[BlackTeamCountry "GER"]

1. d4 Nf6 2. c4 e6 3. g3 d5 4. Bg2 c6 5. Nf3 Bb4+ 6. Bd2 a5 7. 0-0 dxc4 8. a4 Ra6 9. Qc2 b5 10. e4 0-0 11. Nc3 Rb6 12. e5 Nd5 13. Ng5 g6 14. Qe4 Nxc3 15. bxc3 Be7 16. Qh4 h5 17. g4 Kg7 18. gxh5 b4 19. hxg6 Rh8 20. Qf4 Bxg5 21. Qxf7+ Kh6 22. f4 1-0

[Event "BL2-Nord 1516"]
[Site "Germany"]
[Date "2016.04.24"]
[Round "2.5"]
[White "Kalabic, Faris"]
[Black "Mueller, Oliver"]
[Result "0-1"]
[WhiteElo "2218"]
[BlackElo "2255"]
[PlyCount "38"]
[EventDate "2015.09.19"]
[EventType "team-tourn"]
[EventRounds "9"]
[EventCountry "GER"]
[SourceTitle "EXT 2017"]
[Source "ChessBase"]
[SourceDate "2016.10.25"]
[SourceVersion "1"]
[SourceVersionDate "2016.10.25"]
[SourceQuality "1"]
[WhiteTeam "Zehlendorf"]
[BlackTeam "Werder Bremen II"]
[WhiteTeamCountry "GER"]
[BlackTeamCountry "GER"]

1. d4 Nf6 2. Bf4 g6 3. Nc3 d5 4. Qd2 Bg7 5. Bh6 0-0 6. h4 c5 7. Bxg7 Kxg7 8. dxc5 Nc6 9. f3 h5 10. e3 e5 11. Nh3 Bxh3 12. Rxh3 d4 13. Ne4 Nxe4 14. fxe4 Qe7 15. Bb5 Qxc5 16. Bxc6 Qxc6 17. 0-0-0 Rfd8 18. Re1 a5 19. Rd1 dxe3 0-1

[Event "BL2-Nord 1415"]
[Site "Germany"]
[Date "2015.01.18"]
[Round "5.8"]
[White "Kalabic, Faris"]
[Black "Hein, Andreas"]
[Result "0-1"]
[WhiteElo "2235"]
[BlackElo "2250"]
[PlyCount "82"]
[EventDate "2014.09.21"]
[EventType "team-tourn"]
[EventRounds "9"]
[EventCountry "GER"]
[SourceTitle "CBM 166 Extra"]
[Source "ChessBase"]
[SourceDate "2015.06.18"]
[SourceVersion "1"]
[SourceVersionDate "2015.06.18"]
[SourceQuality "1"]
[WhiteTeam "Berlin Zehlendorf"]
[BlackTeam "Luebeck"]
[WhiteTeamCountry "GER"]
[BlackTeamCountry "GER"]

1. d4 d5 2. Bf4 Nf6 3. Nf3 Bf5 4. Nh4 Bd7 5. g3 c5 6. dxc5 Na6 7. Bg2 e6 8. Bd6 Bxd6 9. cxd6 Qb6 10. c4 0-0 11. 0-0 Qxb2 12. Nd2 Nc5 13. cxd5 exd5 14. Bxd5 Nxd5 15. Nc4 Qb4 16. Qxd5 Be6 17. Qd2 Qxc4 18. Rfc1 Ne4 19. Qf4 Qd5 20. Rd1 g5 21. Qe3 Qc5 22. Qxe4 gxh4 23. Qxh4 Rfd8 24. Qf4 Qh5 25. Rd4 Rac8 26. Rad1 Rc5 27. Re4 Qg5 28. a4 Qxf4 29. Rxf4 Rc2 30. Rb4 b6 31. e4 Bg4 32. Rd3 Be2 33. Rdd4 Bf3 34. Rb1 Rdc8 35. Re1 Rc1 36. Kf1 Kf8 37. e5 Rxe1+ 38. Kxe1 Rc1+ 39. Kd2 Rd1+ 40. Ke3 Rxd4 41. Kxd4 a5 0-1

[Event "BL2-Nord 1415"]
[Site "Germany"]
[Date "2014.10.19"]
[Round "2.6"]
[White "Von Herman, Ulf"]
[Black "Kalabic, Faris"]
[Result "1-0"]
[WhiteElo "2382"]
[BlackElo "2235"]
[PlyCount "71"]
[EventDate "2014.09.21"]
[EventType "team-tourn"]
[EventRounds "9"]
[EventCountry "GER"]
[SourceTitle "CBM 166 Extra"]
[Source "ChessBase"]
[SourceDate "2015.06.18"]
[SourceVersion "1"]
[SourceVersionDate "2015.06.18"]
[SourceQuality "1"]
[WhiteTeam "Berlin Tegel"]
[BlackTeam "Berlin Zehlendorf"]
[WhiteTeamCountry "GER"]
[BlackTeamCountry "GER"]

1. d4 Nf6 2. c4 e6 3. Nf3 b6 4. g3 Ba6 5. b3 d5 6. Bg2 c6 7. 0-0 Nbd7 8. Nbd2 Be7 9. Bb2 0-0 10. Qc2 Rc8 11. e4 dxe4 12. Nxe4 b5 13. Nxf6+ Bxf6 14. c5 b4 15. Rfe1 Bb5 16. h4 g6 17. h5 gxh5 18. Re4 Re8 19. Rae1 Nf8 20. Bc1 Ng6 21. Bd2 a5 22. Bf4 Kh8 23. Bd6 Rg8 24. Qd2 h4 25. g4 Be7 26. Bh2 Rg7 27. Kh1 Bf6 28. g5 Be7 29. Rg4 Kg8 30. Qe3 Nf8 31. Rg1 f5 32. gxf6 Rxg4 33. Ne5 Rg6 34. Nxg6 hxg6 35. fxe7 Qxe7 36. Be4 1-0

[Event "BL2-Nord 1415"]
[Site "Germany"]
[Date "2014.09.21"]
[Round "1.8"]
[White "Kalabic, Faris"]
[Black "Szadkowski, Kamil"]
[Result "1/2-1/2"]
[WhiteElo "2235"]
[BlackElo "2219"]
[PlyCount "81"]
[EventDate "2014.09.21"]
[EventType "team-tourn"]
[EventRounds "9"]
[EventCountry "GER"]
[SourceTitle "CBM 166 Extra"]
[Source "ChessBase"]
[SourceDate "2015.06.18"]
[SourceVersion "1"]
[SourceVersionDate "2015.06.18"]
[SourceQuality "1"]
[WhiteTeam "Berlin Zehlendorf"]
[BlackTeam "Ruedersdorf"]
[WhiteTeamCountry "GER"]
[BlackTeamCountry "GER"]

1. d4 Nf6 2. Bf4 e6 3. Nf3 b6 4. e3 Bb7 5. c4 Bb4+ 6. Nbd2 0-0 7. a3 Bxd2+ 8. Nxd2 d6 9. Qc2 Nbd7 10. Bg3 Qe7 11. f3 Rac8 12. e4 e5 13. Nb3 Nh5 14. Bf2 exd4 15. Bxd4 f5 16. 0-0-0 fxe4 17. Re1 Qg5+ 18. Kb1 Rce8 19. fxe4 Qg6 20. Nd2 c5 21. Be3 Nhf6 22. Ka1 Ng4 23. Bd3 Nde5 24. g3 Nxd3 25. Qxd3 Bxe4 26. Nxe4 Qxe4 27. Qxe4 Rxe4 28. Bf4 Rfe8 29. Rxe4 Rxe4 30. Rd1 Rd4 31. Rxd4 cxd4 32. Bxd6 Ne3 33. b3 d3 34. Bb4 a5 35. Bc3 Kf7 36. Kb1 a4 37. c5 bxc5 38. bxa4 Ke6 39. Kc1 Kd5 40. Kd2 Kc4 41. Bxg7 1/2-1/2

[Event "BL2-Nord 1314"]
[Site "Germany"]
[Date "2014.02.23"]
[Round "7.8"]
[White "Kalabic, Faris"]
[Black "Brettschneider, Stefan"]
[Result "1-0"]
[WhiteElo "2239"]
[BlackElo "2276"]
[PlyCount "67"]
[EventDate "2013.10.13"]
[EventType "team-tourn"]
[EventRounds "9"]
[EventCountry "GER"]
[SourceTitle "EXT 2015"]
[Source "ChessBase"]
[SourceDate "2014.11.20"]
[SourceVersion "1"]
[SourceVersionDate "2014.11.20"]
[SourceQuality "1"]
[WhiteTeam "Zehlendorf"]
[BlackTeam "Berlin SF II"]
[WhiteTeamCountry "GER"]
[BlackTeamCountry "GER"]

1. d4 e6 2. Bf4 f5 3. g4 fxg4 4. e4 Nf6 5. e5 Nd5 6. Bg3 c5 7. Qxg4 Qb6 8. b3 Qb4+ 9. Nd2 Qc3 10. Rc1 Qxd4 11. Ne4 Nc3 12. Bd3 Nxe4 13. Bxe4 Qc3+ 14. Kf1 Nc6 15. Nf3 Be7 16. Qxg7 Rf8 17. Kg2 Nd4 18. Nxd4 Qxd4 19. Rhe1 Qd2 20. Qxh7 Qg5 21. Rcd1 Qg8 22. Bg6+ Kd8 23. Qxg8 Rxg8 24. Bf7 Rg7 25. Bxe6 Kc7 26. Bd5 a5 27. f4 d6 28. e6 a4 29. Kf3 Ra6 30. Re4 axb3 31. axb3 b5 32. f5 Rh7 33. Rg4 b4 34. Rg6 1-0

[Event "BL2-Nord 1213"]
[Site "Germany"]
[Date "2013.04.14"]
[Round "9.5"]
[White "Holzapfel, Daniel"]
[Black "Kalabic, Faris"]
[Result "1/2-1/2"]
[WhiteElo "2290"]
[BlackElo "2245"]
[PlyCount "45"]
[EventDate "2012.10.14"]
[EventType "team-tourn"]
[EventRounds "9"]
[EventCountry "GER"]
[SourceTitle "CBM 154 Extra"]
[Source "ChessBase"]
[SourceDate "2013.06.25"]
[SourceVersion "2"]
[SourceVersionDate "2013.06.25"]
[SourceQuality "1"]
[WhiteTeam "Berlin Kreuzberg"]
[BlackTeam "Berlin Zehlendorf"]
[WhiteTeamCountry "GER"]
[BlackTeamCountry "GER"]

1. d4 Nf6 2. Nf3 e6 3. c4 c5 4. d5 exd5 5. cxd5 b5 6. Bg5 Qa5+ 7. Nc3 Be7 8. d6 Bd8 9. a4 b4 10. Nd5 Bb7 11. Nxf6+ gxf6 12. Bh6 f5 13. Qd2 f6 14. Qe3+ Kf7 15. Qb3+ c4 16. Qxc4+ Bd5 17. Qh4 Nc6 18. Qh5+ Ke6 19. g3 Bxf3 20. Qxf3 Nd4 21. Qd3 b3+ 22. Qd2 Qd5 23. 0-0-0 1/2-1/2

[Event "BL2-Nord 1213"]
[Site "Germany"]
[Date "2013.03.17"]
[Round "8.6"]
[White "Nonnenmacher, Thomas"]
[Black "Kalabic, Faris"]
[Result "1-0"]
[WhiteElo "2143"]
[BlackElo "2245"]
[PlyCount "139"]
[EventDate "2012.10.14"]
[EventType "team-tourn"]
[EventRounds "9"]
[EventCountry "GER"]
[SourceTitle "CBM 154 Extra"]
[Source "ChessBase"]
[SourceDate "2013.06.25"]
[SourceVersion "2"]
[SourceVersionDate "2013.06.25"]
[SourceQuality "1"]
[WhiteTeam "Pinneberg"]
[BlackTeam "Berlin Zehlendorf"]
[WhiteTeamCountry "GER"]
[BlackTeamCountry "GER"]

1. c4 Nf6 2. g3 e5 3. Bg2 Bc5 4. Nc3 0-0 5. e3 c6 6. Nge2 d6 7. 0-0 a5 8. h3 Bb6 9. d4 Nbd7 10. b3 Re8 11. Ba3 Nf8 12. dxe5 dxe5 13. Qc2 Be6 14. Kh2 Qc8 15. Rad1 Bf5 16. e4 Bg6 17. Bd6 N6d7 18. Na4 Ba7 19. f4 f6 20. f5 Bf7 21. c5 b5 22. cxb6 Nxb6 23. Nc5 Nfd7 24. Rd3 Nxc5 25. Bxc5 Nd7 26. Ba3 c5 27. Rfd1 Nb8 28. Rc1 Na6 29. Qd2 Rd8 30. Rxd8+ Qxd8 31. Rd1 Bb6 32. Nc3 c4 33. Nd5 cxb3 34. axb3 Bd4 35. Rc1 Kh8 36. Qc2 Qd7 37. Qc4 h6 38. Bf3 Qb7 39. Qc6 Rb8 40. Bd1 Qb5 41. Qc4 Qxc4 42. Rxc4 Rb5 43. Rc6 Nb8 44. Rc8+ Kh7 45. Nc7 Rb7 46. Ne6 Nd7 47. Rd8 Bxe6 48. fxe6 Nc5 49. Rxd4 Nxe6 50. Rd5 Nd4 51. Rxa5 Nxb3 52. Ra8 Nd2 53. Kg2 Rb1 54. Be2 Ra1 55. Ra7 Kg8 56. Bc5 Rxa7 57. Bxa7 Nxe4 58. Be3 Nd6 59. Bc5 Ne4 60. Bc4+ Kh8 61. Bb4 Ng5 62. h4 Nh7 63. Bd3 Kg8 64. Bc4+ Kh8 65. Bf7 f5 66. Bc3 f4 67. g4 e4 68. Bd5 f3+ 69. Kf2 h5 70. g5 1-0

[Event "BL2-Nord 1213"]
[Site "Germany"]
[Date "2012.11.11"]
[Round "2.6"]
[White "Kalabic, Faris"]
[Black "Muse, Drazen"]
[Result "1/2-1/2"]
[WhiteElo "2245"]
[BlackElo "2395"]
[PlyCount "51"]
[EventDate "2012.10.14"]
[EventType "team-tourn"]
[EventRounds "9"]
[EventCountry "GER"]
[SourceTitle "CBM 154 Extra"]
[Source "ChessBase"]
[SourceDate "2013.06.25"]
[SourceVersion "2"]
[SourceVersionDate "2013.06.25"]
[SourceQuality "1"]
[WhiteTeam "Berlin Zehlendorf"]
[BlackTeam "Berlin Koenig Tegel"]
[WhiteTeamCountry "GER"]
[BlackTeamCountry "GER"]

1. d4 d5 2. Bf4 c6 3. Nf3 Nf6 4. Nbd2 Bf5 5. Nh4 Be6 6. e3 g6 7. Bd3 Bg7 8. Nhf3 0-0 9. h3 Qb6 10. b3 c5 11. dxc5 Qxc5 12. Be5 Nc6 13. Bb2 Nb4 14. 0-0 Nxd3 15. cxd3 Qb5 16. Ne5 Rfc8 17. Ndf3 Nd7 18. Nd4 Qa6 19. Nxd7 Bxd7 20. a4 e5 21. Nf3 f6 22. b4 Be6 23. Qd2 Rc7 24. b5 Qd6 25. Ba3 Qd7 26. Rfd1 1/2-1/2

[Event "BL2-Nord 1112"]
[Site "Germany"]
[Date "2012.02.26"]
[Round "7.7"]
[White "Neumeier, Lars"]
[Black "Kalabic, Faris"]
[Result "1-0"]
[WhiteElo "2286"]
[BlackElo "2256"]
[PlyCount "65"]
[EventDate "2011.10.02"]
[EventType "team-tourn"]
[EventRounds "9"]
[EventCountry "GER"]
[SourceTitle "EXT 2015"]
[Source "ChessBase"]
[SourceDate "2014.11.20"]
[SourceVersion "1"]
[SourceVersionDate "2014.11.20"]
[SourceQuality "1"]
[WhiteTeam "Pankow Rotation"]
[BlackTeam "Zehlendorf"]
[WhiteTeamCountry "GER"]
[BlackTeamCountry "GER"]

1. d4 Nf6 2. c4 e6 3. Nc3 Bb4 4. Qc2 c5 5. dxc5 0-0 6. Bg5 Bxc5 7. Nf3 Nc6 8. e3 a6 9. a3 Be7 10. Be2 d6 11. 0-0 Qc7 12. Rfd1 Na5 13. Rd4 h6 14. Bh4 b6 15. b4 Nc6 16. Rd2 Nb8 17. Rad1 Nbd7 18. Bg3 e5 19. Nh4 Nb8 20. Bf3 Ra7 21. Bd5 Rd8 22. Ng6 Bg4 23. f3 Bh5 24. Nxe7+ Qxe7 25. e4 Rc7 26. Bf2 Nbd7 27. Qa4 a5 28. Nb5 Rcc8 29. Na7 Nxd5 30. Nxc8 Rxc8 31. Rxd5 Rxc4 32. Rxd6 Nf8 33. Qb3 1-0

[Event "BL2-Nord 1011"]
[Site "Germany"]
[Date "2011.03.20"]
[Round "8.7"]
[White "Kalabic, Faris"]
[Black "Svane, Rasmus"]
[Result "1/2-1/2"]
[WhiteElo "2253"]
[BlackElo "2208"]
[PlyCount "34"]
[EventDate "2010.10.10"]
[EventType "team-tourn"]
[EventRounds "9"]
[EventCountry "GER"]
[SourceTitle "EXT 2012"]
[Source "ChessBase"]
[SourceDate "2011.11.24"]
[SourceVersion "1"]
[SourceVersionDate "2011.11.24"]
[SourceQuality "1"]
[WhiteTeam "Zehlendorf"]
[BlackTeam "Luebeck"]
[WhiteTeamCountry "GER"]
[BlackTeamCountry "GER"]

1. d4 d5 2. Nf3 Nf6 3. Bf4 c5 4. e3 Nc6 5. c3 Qb6 6. Na3 c4 7. Qc1 Bf5 8. Be2 e6 9. Nb1 h6 10. 0-0 Rc8 11. Nbd2 Qd8 12. b3 b5 13. a4 a6 14. axb5 axb5 15. bxc4 bxc4 16. Bd1 Bd6 17. Bc2 0-0 1/2-1/2

[Event "Pula op 22nd"]
[Site "Pula"]
[Date "2008.06.24"]
[Round "4"]
[White "Kalabic, Faris"]
[Black "Barle, Janez"]
[Result "1/2-1/2"]
[WhiteElo "2142"]
[BlackElo "2414"]
[PlyCount "49"]
[EventDate "2008.06.21"]
[EventType "swiss"]
[EventRounds "9"]
[EventCountry "CRO"]
[SourceTitle "CBM 125 Extra"]
[Source "ChessBase"]
[SourceDate "2008.09.01"]
[SourceVersion "1"]
[SourceVersionDate "2008.09.01"]
[SourceQuality "1"]

1. d4 Nc6 2. Nf3 d5 3. Bf4 Bg4 4. c3 e6 5. Qb3 Rb8 6. Nbd2 Bd6 7. Bg3 Nge7 8. e4 dxe4 9. Nxe4 Bxf3 10. gxf3 0-0 11. Bd3 b5 12. Qc2 h6 13. Qe2 b4 14. Rg1 Nf5 15. Kf1 bxc3 16. bxc3 Bxg3 17. hxg3 Nce7 18. g4 Nh4 19. f4 Kh8 20. Rh1 Neg6 21. g5 Nxf4 22. Qg4 Nxd3 23. Rxh4 f5 24. Qh3 fxe4 25. Rxh6+ 1/2-1/2

[Event "Pula op 22nd"]
[Site "Pula"]
[Date "2008.06.22"]
[Round "2"]
[White "Kalabic, Faris"]
[Black "Nikolov, Sasho"]
[Result "1/2-1/2"]
[WhiteElo "2142"]
[BlackElo "2407"]
[PlyCount "114"]
[EventDate "2008.06.21"]
[EventType "swiss"]
[EventRounds "9"]
[EventCountry "CRO"]
[SourceTitle "CBM 125 Extra"]
[Source "ChessBase"]
[SourceDate "2008.09.01"]
[SourceVersion "1"]
[SourceVersionDate "2008.09.01"]
[SourceQuality "1"]

1. d4 Nf6 2. Nf3 e6 3. g3 Be7 4. Bg2 0-0 5. c4 d5 6. 0-0 Nbd7 7. b3 b6 8. Nc3 Bb7 9. Bb2 c5 10. cxd5 Nxd5 11. Re1 Rc8 12. e4 Nxc3 13. Bxc3 cxd4 14. Bxd4 Nc5 15. e5 Rc7 16. Qd2 Bxf3 17. Bxf3 Bg5 18. Qd1 Rd7 19. Bxc5 bxc5 20. Qc2 Qa5 21. Rad1 Rfd8 22. a4 g6 23. h4 Bd2 24. Re4 Rd5 25. h5 Kg7 26. hxg6 hxg6 27. Re2 Rd4 28. Kg2 Qb4 29. Re4 a5 30. Rxd4 Rxd4 31. Be2 Bc3 32. Rc1 Bd2 33. Rd1 Kf8 34. Bc4 Ke7 35. Bd3 Bc3 36. Rc1 Qb7+ 37. f3 Bb4 38. Qe2 Qd5 39. Bc4 Rd2 40. Bxd5 Rxe2+ 41. Kf1 Rxe5 42. Bc4 Rh5 43. Kg2 Rh8 44. Rd1 Bc3 45. f4 Rg8 46. Kf3 g5 47. Rh1 g4+ 48. Ke2 Rd8 49. Rh4 Rd2+ 50. Ke3 Rg2 51. Rxg4 Bd4+ 52. Kd3 Bf2 53. Rg5 Bxg3 54. Ke4 Rg1 55. Kf3 Bh2 56. Rxc5 Rg3+ 57. Kf2 Bg1+ 1/2-1/2

[Event "Oberliga Nord O 0708"]
[Site "Germany"]
[Date "2008.04.20"]
[Round "9.6"]
[White "Piz, Maxim"]
[Black "Kalabic, Faris"]
[Result "1-0"]
[WhiteElo "2148"]
[BlackElo "2142"]
[PlyCount "58"]
[EventDate "2007.10.21"]
[EventType "team-tourn"]
[EventRounds "9"]
[EventCountry "GER"]
[SourceTitle "EXT 2009"]
[Source "ChessBase"]
[SourceDate "2008.11.26"]
[SourceVersion "1"]
[SourceVersionDate "2008.11.26"]
[SourceQuality "1"]
[WhiteTeam "Lasker Steglitz"]
[BlackTeam "Zehlendorf II"]
[WhiteTeamCountry "GER"]
[BlackTeamCountry "GER"]

1. e4 c5 2. Nc3 Nc6 3. Nge2 Nf6 4. g3 Nd4 5. Bg2 d6 6. 0-0 Bg4 7. f3 Bd7 8. d3 e5 9. Bg5 Be7 10. Bxf6 Bxf6 11. Nd5 Be6 12. c4 Bxd5 13. cxd5 h5 14. Nxd4 exd4 15. b4 b6 16. Rb1 Qd7 17. f4 h4 18. Re1 hxg3 19. hxg3 Kf8 20. bxc5 bxc5 21. e5 Bd8 22. e6 Qc7 23. Qa4 g5 24. f5 Bf6 25. Qc6 Rc8 26. Rb7 Qxc6 27. Rxf7+ Kg8 28. dxc6 Be5 29. Rb1 Rh7 1-0

[Event "Bundesliga 0506"]
[Site "Germany"]
[Date "2005.10.23"]
[Round "2.8"]
[White "Kalabic, Faris"]
[Black "Zuse, Peter"]
[Result "0-1"]
[WhiteElo "2144"]
[BlackElo "2333"]
[PlyCount "140"]
[EventDate "2005.10.21"]
[EventType "team-tourn"]
[EventRounds "15"]
[EventCountry "GER"]
[SourceTitle "CBM 110"]
[Source "ChessBase"]
[SourceDate "2006.01.31"]
[SourceVersion "1"]
[SourceVersionDate "2006.01.31"]
[SourceQuality "1"]
[WhiteTeam "Zehlendorf"]
[BlackTeam "Kirchheim"]
[WhiteTeamCountry "GER"]
[BlackTeamCountry "GER"]

1. d4 Nf6 2. Bf4 c5 3. e3 Qb6 4. Nc3 a6 5. Na4 Qa5+ 6. c3 cxd4 7. b4 Qd8 8. exd4 d6 9. Bd3 Bg4 10. f3 Bh5 11. Ne2 Nbd7 12. 0-0 e6 13. c4 Be7 14. Rb1 Bg6 15. c5 Nd5 16. Bxg6 hxg6 17. Bd2 Qc7 18. f4 b6 19. cxb6 N7xb6 20. Nxb6 Qxb6 21. Rf3 Bf6 22. Be1 Rc8 23. Bf2 0-0 24. g4 g5 25. f5 Rfe8 26. Rbb3 Rc4 27. a3 Qc6 28. Qd3 exf5 29. Rxf5 Nf4 30. d5 Nxd3 31. dxc6 Nxf2 32. Rxf2 Rxc6 33. Kg2 d5 34. Rd3 d4 35. Ng3 Rc3 36. Rxc3 dxc3 37. Kf3 Re1 38. Ra2 Rb1 39. Ne2 Rb2 40. Ra1 Rb3 41. Ke4 c2 42. Rc1 Rxa3 43. Rxc2 Ra4 44. Rc8+ Kh7 45. Ra8 Rxb4+ 46. Kf3 Rb6 47. Ng3 Be5 48. Ne4 Kg6 49. Nc5 Bxh2 50. Nxa6 Bd6 51. Ra7 Kf6 52. Nc7 Bxc7 53. Rxc7 g6 54. Rc5 Re6 55. Ra5 Re5 56. Ra6+ Kg7 57. Ra7 Rb5 58. Rc7 Rb3+ 59. Kf2 Rb4 60. Kf3 Rf4+ 61. Kg3 Kf8 62. Rc6 f5 63. gxf5 gxf5 64. Rc7 Rh4 65. Ra7 f4+ 66. Kf3 Rh3+ 67. Ke4 Rb3 68. Ra5 Rg3 69. Ra7 f3 70. Ra3 g4 0-1

[Event "Bundesliga 0506"]
[Site "Germany"]
[Date "2005.10.22"]
[Round "1.8"]
[White "Doettling, Fabian"]
[Black "Kalabic, Faris"]
[Result "1-0"]
[WhiteElo "2542"]
[BlackElo "2144"]
[PlyCount "79"]
[EventDate "2005.10.21"]
[EventType "team-tourn"]
[EventRounds "15"]
[EventCountry "GER"]
[SourceTitle "CBM 110"]
[Source "ChessBase"]
[SourceDate "2006.01.31"]
[SourceVersion "1"]
[SourceVersionDate "2006.01.31"]
[SourceQuality "1"]
[WhiteTeam "Baden-Baden"]
[BlackTeam "Zehlendorf"]
[WhiteTeamCountry "GER"]
[BlackTeamCountry "GER"]

1. d4 Nf6 2. Nf3 g6 3. c4 Bg7 4. Nc3 0-0 5. e4 d6 6. h3 Na6 7. Bg5 Qe8 8. g4 c6 9. Be2 e5 10. d5 Bd7 11. Nd2 cxd5 12. cxd5 b5 13. Be3 h6 14. Qb3 Nc7 15. Qb4 Qe7 16. Qa5 Rfc8 17. f3 a6 18. Nb3 h5 19. 0-0-0 Rab8 20. a3 b4 21. axb4 Nb5 22. Bxb5 Bxb5 23. Kb1 Bc4 24. Qa3 hxg4 25. hxg4 Bxb3 26. Qxb3 Qb7 27. Rc1 Qxb4 28. Qxb4 Rxb4 29. Na2 Rbb8 30. Rxc8+ Rxc8 31. Rc1 Ra8 32. Rc7 Ne8 33. Rd7 Bf6 34. Nb4 Rb8 35. Bd2 Bg5 36. Nc6 Rxb2+ 37. Kxb2 Bxd2 38. Nd8 f6 39. Ne6 Bb4 40. Re7 1-0

[Event "Berlin tt 0001"]
[Site "Berlin"]
[Date "2000.12.03"]
[Round "3.3"]
[White "Kalabic, Faris"]
[Black "Schoenfeld, Gerd"]
[Result "1-0"]
[WhiteElo "2425"]
[BlackElo "2060"]
[PlyCount "87"]
[EventDate "2000.10.22"]
[EventType "team"]
[EventRounds "11"]
[EventCountry "GER"]
[SourceTitle "EXT 2007"]
[Source "ChessBase"]
[SourceDate "2006.11.23"]
[SourceVersion "1"]
[SourceVersionDate "2006.11.23"]
[SourceQuality "1"]

1. d4 Nf6 2. Nf3 g6 3. g3 Bg7 4. Bg2 0-0 5. 0-0 d6 6. c4 Nc6 7. Nc3 Rb8 8. h3 a6 9. Be3 Bd7 10. d5 Na5 11. Nd2 c5 12. Rc1 b5 13. b3 bxc4 14. bxc4 Rb2 15. Rc2 Qb6 16. g4 Rb8 17. Nce4 Qb4 18. Nxf6+ Bxf6 19. Be4 Rxc2 20. Qxc2 Ba4 21. Qd3 Qc3 22. Bh6 Rb2 23. Rb1 Qxd3 24. Bxd3 Rxb1+ 25. Nxb1 e6 26. dxe6 fxe6 27. Bf4 d5 28. cxd5 exd5 29. Bxa6 c4 30. Bd2 Bc2 31. Nc3 d4 32. Nd5 c3 33. Nxf6+ Kf7 34. Bxc3 dxc3 35. Nd5 Ke6 36. Nxc3 Ke5 37. e3 g5 38. Kg2 Nc6 39. h4 Kd6 40. Bb5 Na5 41. f4 gxf4 42. exf4 Kc5 43. Kf3 Kd4 44. Ne2+ 1-0